[Event "25th Czech Rapid G1 2014"]
[Site "Pardubice CZE"]
[Date "2014.07.16"]
[Round "1.47"]
[White "Sergeyev, Alexander"]
[Black "Mindl, Josef"]
[Result "1-0"]
[WhiteTitle "FM"]
[WhiteElo "2389"]
[BlackElo "2029"]
[WhiteFideId "13702076"]
[BlackFideId "310549"]
[EventDate "2014.07.16"]

1. d4 Nf6 2. Nf3 g6 3. c4 Bg7 4. Nc3 O-O 5. g3 d6 6. Bg2 Nc6 7. O-O a6 8. Bd2
Rb8 9. Rc1 Bd7 10. b3 e5 11. dxe5 dxe5 12. Nd5 Re8 13. Bg5 Bg4 14. Qd2 Bxf3 15.
exf3 Nd4 16. f4 c6 17. fxe5 cxd5 18. Qxd4 1-0

[Event "25th Czech Rapid G1 2014"]
[Site "Pardubice CZE"]
[Date "2014.07.16"]
[Round "1.49"]
[White "Joukl, Zdenek"]
[Black "Pribyl, Josef"]
[Result "0-1"]
[BlackTitle "IM"]
[WhiteElo "2062"]
[BlackElo "2269"]
[WhiteFideId "304247"]
[BlackFideId "300187"]
[EventDate "2014.07.16"]

1. d4 Nf6 2. Nf3 g6 3. Bf4 Bg7 4. c3 O-O 5. e3 b6 6. Nbd2 Bb7 7. Be2 d6 8. a4 a6
9. O-O c5 10. h3 Nc6 11. Re1 Re8 12. Nc4 b5 13. Na3 b4 14. Nc4 bxc3 15. bxc3 Nd5
16. Qb3 Nxf4 17. Qxb7 Nxe2+ 18. Rxe2 Na5 19. Nxa5 Qxa5 20. Qb3 Rab8 21. Qa3 Rec8
22. Rb2 Rxb2 23. Qxb2 cxd4 24. cxd4 Qc3 25. Qxc3 Rxc3 26. Kf1 e5 27. Ke2 Rc2+
28. Nd2 exd4 29. exd4 Bxd4 30. Rb1 Bc3 31. Kd3 Rxd2+ 32. Kxc3 Rxf2 33. Rb6 a5
34. Rxd6 Rxg2 35. Rd5 Rg3+ 36. Kc4 Rxh3 37. Rxa5 Rh4+ 38. Kb3 h5 39. Ra8+ Kg7
40. a5 Rh1 41. Kb2 Re1 42. a6 Re6 43. a7 Ra6 44. Kb3 h4 45. Kb2 Kf6 46. Kb3 0-1

[Event "25th Czech Rapid G1 2014"]
[Site "Pardubice CZE"]
[Date "2014.07.16"]
[Round "1.49"]
[White "Novotny, Michal"]
[Black "Rodionova, Polina"]
[Result "0-1"]
[WhiteTitle "FM"]
[BlackTitle "WFM"]
[WhiteElo "2354"]
[BlackElo "2138"]
[WhiteFideId "310980"]
[BlackFideId "24102555"]
[EventDate "2014.07.16"]

1. e4 e5 2. Nf3 Nc6 3. Bb5 Nge7 4. O-O g6 5. c3 a6 6. Ba4 Bg7 7. d4 exd4 8. cxd4
b5 9. Bb3 O-O 10. d5 Na5 11. Bc2 d6 12. a4 b4 13. Nbd2 c6 14. dxc6 Nexc6 15. h3
Ne5 16. Nxe5 dxe5 17. Nb3 Nxb3 18. Bxb3 Bb7 19. Qxd8 Rfxd8 20. f3 Bf8 21. f4
Bc5+ 22. Kh1 Bxe4 23. fxe5 Bd5 24. Bxd5 Rxd5 25. Bf4 Bd4 26. Rad1 Rad8 27. Bg5
R8d7 28. Rc1 Bxe5 29. b3 Bc3 30. Bf6 Bxf6 31. Rxf6 a5 32. Ra6 Re7 33. Rc8+ Kg7
34. Rca8 Ree5 35. Kh2 h5 36. R8a7 h4 37. Rb6 Rd1 38. Rbb7 Rf5 39. Rd7 Rb1 40.
Rd4 g5 41. Rd2 Rxb3 42. g4 Rff3 43. Rxa5 Rxh3+ 44. Kg2 Rbg3+ 45. Kf1 Rh1+ 46.
Ke2 Rh2+ 47. Kd1 Rxd2+ 48. Kxd2 Rxg4 49. Rb5 h3 0-1

[Event "25th Czech Rapid G1 2014"]
[Site "Pardubice CZE"]
[Date "2014.07.16"]
[Round "1.50"]
[White "Chekletsov, Ilya"]
[Black "Pinter, Erik"]
[Result "0-1"]
[BlackTitle "IM"]
[WhiteElo "2078"]
[BlackElo "2354"]
[WhiteFideId "24177156"]
[BlackFideId "14902826"]
[EventDate "2014.07.16"]

1. d4 Nf6 2. c4 g6 3. Nf3 Bg7 4. g3 O-O 5. Bg2 d6 6. O-O a6 7. Nc3 Nc6 8. d5 Na5
9. Nd2 c5 10. Qc2 Rb8 11. b3 b5 12. Bb2 bxc4 13. bxc4 Bh6 14. f4 e5 15. fxe5 Ng4
16. Nce4 Rxb2 17. Qxb2 Be3+ 18. Kh1 Bd4 19. Qb8 Bxe5 20. Rac1 Ne3 21. Nf3 Bh3
22. Qxd8 Bxg2+ 23. Kg1 Rxd8 24. Nxe5 Bxf1 25. Nc6 Nxc6 26. dxc6 Bh3 27. Rc3 d5
28. c7 Rc8 29. Nd6 d4 30. Rb3 Rxc7 31. Rb8+ Bc8 32. Nxc8 Kg7 33. Nb6 Rc6 34. a4
Rf6 35. h4 h5 36. Nd5 Rf1+ 37. Kh2 Rf2+ 38. Kg1 Rf1+ 39. Kh2 Ng4+ 40. Kg2 Rf2+
41. Kg1 Rxe2 42. Nf4 Re1+ 43. Kg2 Ra1 44. Rc8 Ne3+ 45. Kf3 Nxc4 46. Rxc5 Rxa4
47. Nd3 Ra3 48. Ke2 Ra2+ 49. Kf3 Rd2 50. Ke4 Nb2 51. Ne5 d3 52. Rc7 Re2+ 53. Kf4
d2 54. Rxf7+ Kg8 0-1

[Event "25th Czech Rapid G1 2014"]
[Site "Pardubice CZE"]
[Date "2014.07.16"]
[Round "1.52"]
[White "Janocko, Petr"]
[Black "Jacko, Vladimir2"]
[Result "1-0"]
[BlackTitle "FM"]
[WhiteElo "2039"]
[BlackElo "2296"]
[WhiteFideId "320099"]
[BlackFideId "14915928"]
[EventDate "2014.07.16"]

1. d4 Nf6 2. c4 g6 3. Nc3 Bg7 4. Nf3 O-O 5. g3 d6 6. Bg2 Nbd7 7. O-O e5 8. dxe5
dxe5 9. Bg5 h6 10. Bd2 c6 11. Qc2 Qe7 12. a3 Nc5 13. b4 Bf5 14. Qa2 Ncd7 15. c5
Rfd8 16. Nh4 Be6 17. Qc2 Nd5 18. e4 Nc7 19. Rad1 a5 20. Be3 axb4 21. axb4 Nf8
22. Rxd8 Rxd8 23. Rd1 Ra8 24. Qd2 Kh7 25. Qd6 Re8 26. Ra1 Bc4 27. Ra7 Nce6 28.
Bf1 Bxf1 29. Kxf1 Nd4 30. Bxd4 exd4 31. Qxe7 Rxe7 32. Nd1 Ne6 33. f4 d3 34. f5
Nd4 35. Kf2 Rxe4 36. fxg6+ fxg6 37. Rxb7 g5 38. Nc3 Re6 39. Ng2 d2 40. Ne3 Kg6
41. Ncd1 Rf6+ 42. Kg2 Nf3 43. Rd7 Rf8 44. Rd6+ Kh7 45. Rxc6 Ne1+ 46. Kh3 h5 47.
Rd6 Be5 48. Rd7+ Kg6 49. Rxd2 g4+ 50. Nxg4 hxg4+ 51. Kxg4 Nf3 52. Rf2 Rd8 53.
Rxf3 Rxd1 54. Rb3 Rd4+ 55. Kf3 Rc4 56. h4 Bc3 57. b5 Rxc5 58. b6 Be5 59. b7 Bb8
60. Rb6+ Kf7 61. Rb3 Rc7 62. Kg4 Kg7 63. Kf5 Kf7 64. Rb5 Rc3 65. g4 Rc4 66. h5
Rd4 67. h6 Rf4+ 68. Kg5 Rd4 69. Rf5+ Kg8 70. Kh5 Rb4 71. Rg5+ Kh8 72. Rg7 Rb5+
73. Kh4 Bf4 74. Rd7 Be5 75. g5 Kg8 76. g6 Kf8 77. Kg4 Kg8 78. Rd8# 1-0

[Event "25th Czech Rapid G1 2014"]
[Site "Pardubice CZE"]
[Date "2014.07.16"]
[Round "1.53"]
[White "Kourousis, Epaminondas"]
[Black "Janacek, Jaroslav"]
[Result "1-0"]
[WhiteElo "2364"]
[BlackElo "2001"]
[WhiteFideId "4211626"]
[BlackFideId "306681"]
[EventDate "2014.07.16"]

1. Nf3 d6 2. d4 g6 3. c4 Bg7 4. Nc3 Bg4 5. g3 c5 6. dxc5 Bxc3+ 7. bxc3 dxc5 8.
Qxd8+ Kxd8 9. Ne5 Be6 10. Bg2 Kc7 11. Bf4 g5 12. Bxg5 f6 13. Bf4 Kc8 14. Rb1
fxe5 15. Bxb7+ Kd8 16. Bxe5 Nd7 17. Bxh8 Rb8 18. Be4 Nb6 19. Be5 Rc8 20. Bb7 Rc7
21. Bxc7+ Kxc7 22. Bd5 Bxd5 23. cxd5 Nf6 24. Rxb6 axb6 25. c4 b5 26. cxb5 Kb6
27. a4 Nxd5 28. Kd2 Ka5 29. Ra1 e5 30. e4 Nb6 31. Kc3 h6 32. h4 h5 33. g4 hxg4
34. h5 Nd7 35. h6 Nf6 36. Kc4 Nxe4 37. h7 Nd6+ 38. Kxc5 Nf7 39. b6 Ka6 40. Rd1
e4 41. Rd7 e3 1-0

[Event "25th Czech Rapid G1 2014"]
[Site "Pardubice CZE"]
[Date "2014.07.16"]
[Round "1.55"]
[White "Muhammad, Luthfi Ali"]
[Black "Shuvalova, Polina"]
[Result "1-0"]
[WhiteTitle "FM"]
[BlackTitle "WFM"]
[WhiteElo "2336"]
[BlackElo "2108"]
[WhiteFideId "7103743"]
[BlackFideId "24171760"]
[EventDate "2014.07.16"]

1. e4 c5 2. Nf3 g6 3. d4 cxd4 4. Nxd4 Bg7 5. c4 Nc6 6. Be3 Nf6 7. Nc3 d6 8. Be2
O-O 9. O-O Bd7 10. Qd2 Nxd4 11. Bxd4 Bc6 12. f3 Nd7 13. Bf2 a5 14. Rab1 Nc5 15.
b3 Qc7 16. Rfc1 Rfc8 17. Kh1 Be5 18. Rc2 Qd8 19. Bf1 Qf8 20. Nd5 Bxd5 21. cxd5
f5 22. Bxc5 dxc5 23. f4 Bd4 24. e5 Qd8 25. Bc4 Kg7 26. a4 Qb6 27. Rf1 Rf8 28.
Qe1 Qb4 29. Qh4 b5 30. axb5 a4 31. bxa4 Qxa4 32. Rcc1 Ra7 33. Qe1 Qa3 34. Qe2
Ra4 35. h3 Rb4 36. Rc2 Rd8 37. d6 exd6 38. exd6 Bf6 39. Qe6 Qa7 40. Rd1 Qd7 41.
Qd5 Bd4 42. Re2 Re8 43. Rxe8 Qxe8 44. d7 Qd8 45. Qf7+ Kh6 46. Qe8 Bf6 47. Bg8
Rxf4 48. Qf7 Bg7 49. b6 Qxb6 50. d8=Q Qc6 51. Qdd5 Qa4 52. Qdd7 1-0

[Event "25th Czech Rapid G1 2014"]
[Site "Pardubice CZE"]
[Date "2014.07.16"]
[Round "1.56"]
[White "Duda, Antonin"]
[Black "Nun, Jiri"]
[Result "0-1"]
[BlackTitle "IM"]
[WhiteElo "2055"]
[BlackElo "2351"]
[WhiteFideId "326720"]
[BlackFideId "300179"]
[EventDate "2014.07.16"]

1. e4 c5 2. Nf3 Nc6 3. d4 cxd4 4. Nxd4 e5 5. Nb5 d6 6. c4 a6 7. N5a3 Be7 8. Nc2
h6 9. Nc3 Be6 10. Be2 Bg5 11. O-O Bxc1 12. Rxc1 Nf6 13. b3 O-O 14. f4 exf4 15.
Rxf4 Qe7 16. Nd4 Ne5 17. Nf5 Bxf5 18. Rxf5 Rac8 19. Qd4 Rc6 20. Rcf1 Ned7 21.
Bd3 Rc5 22. Nd5 Nxd5 23. exd5 Ne5 24. a4 a5 25. Bc2 Re8 26. Qe4 Ng6 27. Qd4 Ne5
28. Qe4 g6 29. Rf6 Kg7 30. Qf4 Rf8 31. h4 h5 32. Bd1 Rh8 33. Qg5 Rc7 34. Bc2 Rh6
35. Bf5 Qxf6 36. Bb1 Qe7 0-1

[Event "25th Czech Rapid G1 2014"]
[Site "Pardubice CZE"]
[Date "2014.07.16"]
[Round "1.57"]
[White "Golubov, Saveliy"]
[Black "Smolej, Lukas"]
[Result "1-0"]
[WhiteElo "2339"]
[BlackElo "2003"]
[WhiteFideId "24176729"]
[BlackFideId "363782"]
[EventDate "2014.07.16"]

1. e4 Nc6 2. Nf3 e5 3. Bb5 f5 4. Nc3 fxe4 5. Nxe4 d5 6. Ng3 Bd6 7. d4 Bg4 8.
dxe5 Bxe5 9. O-O Ne7 10. h3 Bxg3 11. hxg4 Bd6 12. Nd4 Qd7 13. c4 dxc4 14. Nxc6
bxc6 15. Bxc4 h5 16. g5 Qg4 17. Qxg4 hxg4 18. g3 Nf5 19. Be2 Bc5 20. Bxg4 Nxg3
21. Re1+ Kf8 22. Kg2 Nh5 23. Rh1 g6 24. Bd2 Rd8 25. Bc3 Bd4 26. Rac1 Nf4+ 27.
Kf3 Rxh1 28. Rxh1 Bxc3 29. bxc3 Nd3 30. Ke3 Ne5 31. Be2 Kg7 32. Rb1 Re8 33. Kd2
Rd8+ 34. Kc2 Rf8 35. Rb7 Rxf2 36. Kd2 Rf7 37. Rxa7 Rd7+ 38. Kc2 Nf7 39. a4 Nxg5
40. a5 Ne4 41. Bf3 Rd2+ 42. Kc1 Rd3 43. Bxe4 Rxc3+ 44. Kb2 Rc4 45. Rxc7+ Kf6 46.
Rxc6+ 1-0

[Event "25th Czech Rapid G1 2014"]
[Site "Pardubice CZE"]
[Date "2014.07.16"]
[Round "1.58"]
[White "Andreeva, Elena"]
[Black "Mudrak, Josef"]
[Result "0-1"]
[BlackTitle "FM"]
[WhiteElo "1946"]
[BlackElo "2350"]
[WhiteFideId "24104701"]
[BlackFideId "301116"]
[EventDate "2014.07.16"]

1. e4 d6 2. d4 Nf6 3. Nc3 e5 4. Nf3 Nbd7 5. Bc4 Be7 6. O-O O-O 7. h3 c6 8. Be3
b5 9. Bd3 a6 10. a4 Bb7 11. Ne2 exd4 12. Nexd4 c5 13. Nf5 c4 14. Be2 Nxe4 15.
axb5 axb5 16. Rxa8 Bxa8 17. Bd4 Bf6 18. b3 cxb3 19. cxb3 b4 20. Bb5 Ne5 21. Nxe5
Bxe5 22. Bxe5 dxe5 23. Qg4 g6 24. Ng3 f5 25. Qe2 Qd4 26. Nxe4 Qxe4 27. Bc4+ Kg7
28. Qxe4 Bxe4 29. Ra1 Rb8 30. Ra6 Bc2 31. Re6 e4 32. Re7+ Kh6 33. Kh2 f4 34. Bd5
Rd8 35. Bxe4 Bxb3 36. Rb7 Rd4 37. Bf3 Bg8 38. Rb8 Kg7 39. Rb7+ Bf7 40. h4 b3 41.
h5 Rd2 42. hxg6 hxg6 43. Bg4 Kf6 44. f3 b2 45. Rb4 Ba2 46. Rxf4+ Kg5 0-1

[Event "25th Czech Rapid G1 2014"]
[Site "Pardubice CZE"]
[Date "2014.07.16"]
[Round "1.59"]
[White "Westerberg, Jonathan"]
[Black "Galchenko, Matvei"]
[Result "1/2-1/2"]
[WhiteTitle "FM"]
[WhiteElo "2412"]
[BlackElo "1878"]
[WhiteFideId "1701754"]
[BlackFideId "34135992"]
[EventDate "2014.07.16"]

1. e4 e6 2. d4 d5 3. Nc3 Bb4 4. e5 c5 5. Bd2 Ne7 6. Nb5 Bxd2+ 7. Qxd2 O-O 8. f4
cxd4 9. Nf3 Nbc6 10. Bd3 f6 11. O-O Bd7 12. Kh1 fxe5 13. fxe5 a6 14. Nbxd4 Nxd4
15. Nxd4 Qc7 16. Qg5 Qd8 17. Rxf8+ Qxf8 18. Rf1 Qe8 19. Rf3 h6 20. Qg4 Nf5 21.
Bxf5 exf5 22. Nxf5 Qxe5 23. Nxh6+ Kh7 24. Qh4 gxh6 25. Rf7+ Kg6 26. Rxd7 Re8 27.
Qg3+ Qxg3 28. hxg3 Re2 29. Rxd5 Rxc2 30. Rd6+ Kg5 31. Rb6 Rc7 32. Kh2 h5 33. a4
Rf7 34. b3 Rc7 35. Rb4 Rf7 36. Kg1 Kg6 37. Kh2 Kg5 38. Rd4 Rc7 39. b4 Kf5 40.
Kh3 Rc1 41. Rd5+ Kg6 42. Kh2 Rc4 43. Rd6+ Kg5 44. Rb6 Rc7 45. a5 Kg4 46. b5 axb5
47. Rxb5 Rd7 48. Rb4+ Kg5 49. Kh3 Rd5 50. Ra4 Rb5 51. Kh2 Kf5 52. g4+ hxg4 53.
Kg3 Rb3+ 54. Kh4 Rb1 55. Rxg4 Rh1+ 56. Kg3 Ra1 57. Rg8 Rxa5 58. Kh4 Kf6 59. g4
Kf7 60. Rb8 Rb5 61. Rc8 Kg7 62. Rc7+ Kg6 63. Rd7 Rb6 64. Rd5 Re6 65. Rg5+ Kh6
66. Rg8 Kh7 67. Rb8 Rb6 68. Kh5 Kg7 69. Rc8 Rc6 70. Rd8 Rc7 71. Rd6 Re7 72. Kg5
Re5+ 73. Kh4 Re7 74. Kh5 Rc7 75. Rg6+ Kh7 76. Rh6+ Kg7 77. Rb6 Re7 78. g5 Rc7
79. Rd6 Re7 80. Kg4 Rc7 81. Kf5 Rc5+ 82. Kf4 Rc4+ 83. Kf5 Rc5+ 84. Kg4 Rc4+ 85.
Kh5 Rc7 86. Rg6+ Kh7 87. Re6 Kg7 88. Rf6 Rd7 89. Rf1 Rc7 90. Rb1 Re7 91. Kg4 Rc7
92. Rb5 Rf7 93. Kh5 Rc7 94. g6 Re7 95. Kg5 Rc7 96. Kf5 Re7 97. Rc5 Rd7 98. Rb5
Rc7 99. Rd5 Re7 100. Rb5 Rc7 101. Ra5 Rd7 102. Rc5 Re7 103. Rc3 Rd7 104. Ke6 Rd1
105. Rg3 b5 106. Rb3 Kxg6 107. Rxb5 1/2-1/2

[Event "25th Czech Rapid G1 2014"]
[Site "Pardubice CZE"]
[Date "2014.07.16"]
[Round "1.60"]
[White "Horinek, Karel"]
[Black "Korinek, Ondrej"]
[Result "0-1"]
[BlackTitle "FM"]
[WhiteElo "1980"]
[BlackElo "2331"]
[WhiteFideId "323276"]
[BlackFideId "319856"]
[EventDate "2014.07.16"]

1. e4 c5 2. Nc3 e6 3. f4 d5 4. d3 dxe4 5. dxe4 Qxd1+ 6. Nxd1 Nf6 7. Nc3 a6 8.
Be2 Nc6 9. Be3 Nd4 10. O-O-O Nxe2+ 11. Ngxe2 Bd7 12. h3 Bc6 13. e5 Nd5 14. Nxd5
Bxd5 15. Rhg1 h5 16. Nc3 Bc6 17. Rd2 Rd8 18. Rgd1 Rxd2 19. Rxd2 h4 20. b3 b5 21.
Kb2 Rh6 22. f5 Rh5 23. fxe6 fxe6 24. Bf4 Rf5 25. g3 g5 26. Ne2 gxf4 27. gxf4 b4
28. c3 a5 29. cxb4 axb4 30. a4 bxa3+ 31. Kxa3 Bf3 32. Ka4 Bxe2 33. Rxe2 Rxf4+
34. Kb5 Rb4+ 35. Kc6 Rxb3 0-1

[Event "25th Czech Rapid G1 2014"]
[Site "Pardubice CZE"]
[Date "2014.07.16"]
[Round "1.61"]
[White "Michenka, Jozef"]
[Black "Hiller, Simon"]
[Result "1-0"]
[WhiteTitle "IM"]
[WhiteElo "2326"]
[BlackElo "1973"]
[WhiteFideId "301175"]
[BlackFideId "24641308"]
[EventDate "2014.07.16"]

1. d4 d5 2. c4 c6 3. Nc3 Nf6 4. e3 e6 5. Nf3 Nbd7 6. Qc2 Bd6 7. g4 Bb4 8. Bd2
Qe7 9. a3 Bxc3 10. Bxc3 Nxg4 11. Rg1 f5 12. cxd5 exd5 13. h3 Nh6 14. Bd3 Qf6 15.
Ne5 O-O 16. O-O-O a5 17. Rg2 Nxe5 18. dxe5 Qe6 19. Rdg1 Rf7 20. Qe2 b5 21. Bd4
c5 22. Bxc5 Rc7 23. b4 axb4 24. axb4 Qxe5 25. Qb2 Qxb2+ 26. Kxb2 Be6 27. h4 Ng4
28. f3 Ne5 29. Be2 Nc4+ 30. Bxc4 dxc4 31. h5 Re8 32. Bd4 Ree7 33. Kc3 Bd5 34.
Rg5 Rf7 35. e4 h6 36. Rxf5 Rxf5 37. exf5 Bxf3 38. f6 Bxh5 39. fxg7 Rf7 40. Ra1
Rf3+ 41. Kb2 Bf7 42. Ra8+ Kh7 43. Rh8+ Kg6 44. g8=Q+ Bxg8 45. Rxg8+ Kf7 46. Rh8
Rb3+ 47. Kc2 Rxb4 48. Rxh6 Rb3 49. Bc3 Ke8 50. Rh7 Kf8 51. Rb7 Ke8 52. Bd4 Kd8
53. Bb6+ Ke8 54. Kd2 Kf8 55. Ke2 Ke8 56. Rc7 Kf8 57. Be3 Ke8 58. Kf3 Kd8 59. Rc5
Kd7 60. Ke4 Kd6 61. Rh5 Rb1 62. Rh6+ Kd7 63. Bd4 b4 64. Rb6 Kc7 65. Rb5 Kd7 66.
Kd5 b3 67. Kxc4 Ke6 68. Rb6+ Kf5 69. Kd3 Rd1+ 70. Ke3 Re1+ 71. Kd2 Re6 72. Rxb3
Ke4 73. Be3 Rg6 74. Rb4+ Kd5 75. Kd3 Rc6 76. Rb5+ Ke6 77. Ke4 Kf6 78. Bd4+ Kg6
79. Rd5 Re6+ 80. Kf4 Re1 81. Rd6+ Kf7 82. Be5 Ke7 83. Ra6 Rf1+ 84. Ke4 Re1+ 85.
Kd5 Rd1+ 86. Bd4 Kf7 87. Rf6+ Ke7 88. Rf3 Rh1 89. Bc5+ Ke8 90. Kc6 Rh8 91. Bd6
Rg8 92. Rf6 Rh8 93. Kd5 Kd7 94. Rf7+ Ke8 95. Ra7 Rh5+ 96. Be5 Rh6 97. Ke4 Rb6
98. Kf5 Rc6 99. Bf6 Rc5+ 100. Kg6 Rc1 101. Re7+ Kf8 102. Re4 Rg1+ 103. Bg5 Rg2
104. Re1 Ra2 105. Bh6+ Kg8 106. Re8# 1-0

[Event "25th Czech Rapid G1 2014"]
[Site "Pardubice CZE"]
[Date "2014.07.16"]
[Round "1.62"]
[White "Jelinek, Vaclav"]
[Black "Kozlitin, Oleg"]
[Result "0-1"]
[BlackTitle "IM"]
[WhiteElo "1973"]
[BlackElo "2331"]
[WhiteFideId "317454"]
[BlackFideId "4143590"]
[EventDate "2014.07.16"]

1. g3 Nf6 2. Bg2 g6 3. Nf3 Bg7 4. O-O O-O 5. d3 d6 6. c4 e5 7. Nc3 Nc6 8. Rb1 a5
9. a3 Bg4 10. h3 Be6 11. b4 axb4 12. axb4 h6 13. b5 Ne7 14. Bb2 Qd7 15. Kh2 c6
16. Ra1 Nh5 17. Qb3 f5 18. Na4 Qc7 19. Nd2 g5 20. e3 f4 21. exf4 gxf4 22. Qd1
fxg3+ 23. fxg3 Nf6 24. Ne4 Nxe4 25. Bxe4 cxb5 26. cxb5 d5 27. b6 Rxf1 28. Qxf1
Qc6 29. Ba3 Qxa4 0-1

[Event "25th Czech Rapid G1 2014"]
[Site "Pardubice CZE"]
[Date "2014.07.16"]
[Round "1.63"]
[White "Bystrov, Sergej M."]
[Black "Skaloud, Dusan"]
[Result "1-0"]
[WhiteTitle "IM"]
[WhiteElo "2280"]
[BlackElo "1950"]
[WhiteFideId "4118561"]
[BlackFideId "339610"]
[EventDate "2014.07.16"]

1. d4 Nf6 2. Nf3 b6 3. c4 e6 4. a3 a5 5. Nc3 Bb7 6. d5 exd5 7. cxd5 Bd6 8. e4
O-O 9. Bd3 Ng4 10. O-O Na6 11. Bc2 Re8 12. h3 Ne5 13. Nd4 c5 14. Nf5 Bf8 15. f4
Nc4 16. Qd3 Nd6 17. Nxd6 Bxd6 18. e5 Bb8 19. Qxh7+ Kf8 20. d6 f6 21. Bg6 1-0

[Event "25th Czech Rapid G1 2014"]
[Site "Pardubice CZE"]
[Date "2014.07.16"]
[Round "1.64"]
[White "Stary, Lukas"]
[Black "Rozhkov, Viacheslav"]
[Result "0-1"]
[BlackTitle "FM"]
[WhiteElo "1929"]
[BlackElo "2327"]
[WhiteFideId "322806"]
[BlackFideId "4181484"]
[EventDate "2014.07.16"]

1. c4 e5 2. Nc3 Nf6 3. Nf3 e4 4. Ng5 b5 5. d3 exd3 6. cxb5 h6 7. Nf3 dxe2 8.
Bxe2 Bc5 9. O-O O-O 10. Bf4 Bb7 11. Rc1 d6 12. Na4 Nbd7 13. Nxc5 Nxc5 14. Be3
Ne6 15. Nd4 Nd5 16. Qb3 Nc5 17. Qa3 Nxe3 18. Qxe3 Re8 19. Qc3 Rc8 20. Bg4 Qg5
21. Bf3 Ne4 22. Bxe4 Rxe4 23. f3 Re5 24. a4 Rc5 25. Qe1 Qf4 26. Nc6 Bxc6 27.
bxc6 Qxa4 28. Rxc5 dxc5 29. Qa1 Qxc6 30. Rc1 Qb6 31. Rc4 Rd8 32. Qc1 Qb3 33. Qc2
Qe3+ 0-1

[Event "25th Czech Rapid G1 2014"]
[Site "Pardubice CZE"]
[Date "2014.07.16"]
[Round "1.65"]
[White "Villegas, Pierre"]
[Black "Vachtfeidl, Petr"]
[Result "1-0"]
[WhiteTitle "FM"]
[WhiteElo "2291"]
[BlackElo "1996"]
[WhiteFideId "654183"]
[BlackFideId "315028"]
[EventDate "2014.07.16"]

1. c4 g6 2. d4 Nf6 3. Nc3 d5 4. cxd5 Nxd5 5. Na4 e5 6. dxe5 Bb4+ 7. Bd2 Qh4 8.
Nf3 Bxd2+ 9. Qxd2 Qxa4 10. Qxd5 O-O 11. e3 Nc6 12. Qb5 Qb4+ 13. Qxb4 Nxb4 14.
Rc1 Bf5 15. Bc4 Nd3+ 16. Bxd3 Bxd3 17. Kd2 Rfd8 18. Kc3 c5 19. Rhd1 c4 20. Ne1
Be2 21. Rxd8+ Rxd8 22. Rc2 b5 23. Rxe2 1-0

[Event "25th Czech Rapid G1 2014"]
[Site "Pardubice CZE"]
[Date "2014.07.16"]
[Round "1.66"]
[White "Zverina, Jan"]
[Black "Raudive, Aivars"]
[Result "0-1"]
[BlackTitle "FM"]
[WhiteElo "1872"]
[BlackElo "2288"]
[WhiteFideId "328812"]
[BlackFideId "11601060"]
[EventDate "2014.07.16"]

1. e4 Nf6 2. Nc3 d5 3. e5 Ne4 4. d3 Nxc3 5. bxc3 c5 6. d4 Nc6 7. Nf3 Bg4 8. Be2
e6 9. O-O Be7 10. h3 Bh5 11. Rb1 Qc7 12. a4 O-O 13. Ba3 Rfc8 14. Qd2 Rab8 15.
Rb5 cxd4 16. Bxe7 Nxe7 17. cxd4 Qxc2 18. Qxc2 Rxc2 19. Bd3 Rc3 20. Be2 Nc6 21.
Rfb1 b6 22. a5 Bxf3 23. Bxf3 Nxd4 24. axb6 Nxb5 25. bxa7 Rf8 26. Rxb5 Rc7 27.
Ra5 Ra8 28. Be2 Raxa7 29. Rb5 g5 0-1

[Event "25th Czech Rapid G1 2014"]
[Site "Pardubice CZE"]
[Date "2014.07.16"]
[Round "1.67"]
[White "Priasmoro, Novendra"]
[Black "Zpevakova, Jana"]
[Result "1/2-1/2"]
[WhiteElo "2282"]
[BlackElo "2016"]
[WhiteFideId "7105029"]
[BlackFideId "334030"]
[EventDate "2014.07.16"]

1. e4 e6 2. d4 d5 3. Nc3 Bb4 4. e5 c5 5. a3 Bxc3+ 6. bxc3 Qc7 7. Qg4 Ne7 8. Qxg7
Rg8 9. Qxh7 cxd4 10. Ne2 Nbc6 11. f4 dxc3 12. Qd3 d4 13. h4 Bd7 14. h5 O-O-O 15.
h6 Rg6 16. h7 Rh8 17. Nxd4 Nxd4 18. Qxd4 Nf5 19. Qxa7 Bc6 20. Qa8+ Qb8 21. Qa5
Ng3 22. Rh2 Nxf1 23. Kxf1 Qc7 24. Qa8+ Qb8 25. Qxb8+ Kxb8 26. Be3 Rg7 27. Kf2
Rgxh7 28. Rxh7 Rxh7 29. Bd4 Rh2 30. Rg1 Be4 31. Bxc3 Bxc2 32. Bd4 Be4 33. Bb6
Bd5 34. a4 Rh8 35. Rc1 Bc6 36. a5 Rg8 37. Rg1 Kc8 38. g4 Kd7 39. Kg3 Be4 40.
Rd1+ Bd5 41. f5 Kc6 42. Kf4 Rh8 43. Rc1+ Kb5 44. Rc7 Rh7 45. Rd7 Kc4 46. fxe6
Bxe6 47. Rxb7 Rh4 48. Rc7+ Kb5 49. Kf3 Rxg4 50. Rxf7 Bxf7 51. Kxg4 Ka6 52. Kf5
Kb7 1/2-1/2

[Event "25th Czech Rapid G1 2014"]
[Site "Pardubice CZE"]
[Date "2014.07.16"]
[Round "1.68"]
[White "Kopriva, Martin"]
[Black "Kratochvil, Karel"]
[Result "0-1"]
[WhiteElo "1871"]
[BlackElo "2164"]
[WhiteFideId "357740"]
[BlackFideId "325546"]
[EventDate "2014.07.16"]

1. e4 c5 2. Nf3 g6 3. d4 cxd4 4. Nxd4 Nf6 5. Nc3 Nc6 6. Be3 Bg7 7. Nxc6 bxc6 8.
e5 Nd5 9. Nxd5 cxd5 10. Qxd5 Rb8 11. Bc4 O-O 12. O-O Bb7 13. Qc5 Rc8 14. Qxa7
Bxg2 15. Kxg2 Rxc4 16. Rad1 d6 17. exd6 exd6 18. f4 Rxc2+ 19. Rf2 Rxf2+ 20. Bxf2
Qf6 21. Qd4 Qf5 22. Qxd6 Bxb2 23. Qd2 Bf6 24. Re1 h5 25. a4 Qg4+ 26. Kf1 Qh3+
27. Kg1 Bc3 28. Qe3 Qg4+ 29. Bg3 Bxe1 30. Qxe1 h4 0-1

[Event "25th Czech Rapid G1 2014"]
[Site "Pardubice CZE"]
[Date "2014.07.16"]
[Round "1.69"]
[White "Tokranovs, Dmitrijs"]
[Black "Kotyk, Vaclav"]
[Result "1-0"]
[WhiteElo "2297"]
[BlackElo "1848"]
[WhiteFideId "11603011"]
[BlackFideId "384232"]
[EventDate "2014.07.16"]

1. e4 c5 2. c3 d6 3. d4 Nf6 4. Bd3 Nc6 5. Ne2 e5 6. dxc5 dxc5 7. O-O Be7 8. h3
O-O 9. Ng3 h6 10. Qe2 Re8 11. Be3 Qc7 12. a4 Bf8 13. Na3 a6 14. Rad1 Be6 15. Bc4
Rad8 16. Bxe6 Rxe6 17. Rxd8 Qxd8 18. Qf3 g6 19. Rd1 Rd6 20. Re1 Rd3 21. Qe2 Na5
22. Nc2 Nc4 23. Bc1 Nd2 24. Nd4 c4 25. Bxd2 exd4 26. cxd4 Rxd4 27. Bc3 Rd3 28.
e5 Nd5 29. e6 Nxc3 30. exf7+ Kxf7 31. Qe6+ Kg7 32. bxc3 Qd5 33. Qe2 Rd2 34. Qg4
Rd3 35. Re6 Qg5 36. Qxc4 Rd1+ 37. Nf1 Qc1 38. Rb6 h5 39. Rxb7+ Kh6 40. Rb6 Bg7
41. Qxa6 Qc2 42. Rc6 Qb1 43. Qb5 Qa1 44. g4 hxg4 45. hxg4 Qc1 46. Qh5# 1-0